[Event "Odessa Region-ch"]
[Site "Odessa"]
[Date "2019.06.24"]
[Round "10"]
[White "Eingorn, Vereslav S"]
[Black "Golubev, Mikhail"]
[Result "1/2-1/2"]
[WhiteElo "2509"]
[BlackElo "2483"]
[PlyCount "25"]
[EventDate "2019.06.15"]
[EventType "tourn"]
[EventRounds "11"]
[EventCountry "UKR"]
[EventCategory "7"]
[SourceTitle "CBM 191 Extra"]
[Source "ChessBase"]
[SourceDate "2019.09.30"]
[SourceVersion "1"]
[SourceVersionDate "2019.09.30"]
[SourceQuality "1"]

1. d4 Nf6 2. c4 g6 3. Nc3 Bg7 4. e4 d6 5. Nf3 0-0 6. Be2 e5 7. Be3 exd4 8. Nxd4 Re8 9. f3 c6 10. Bf2 d5 11. exd5 cxd5 12. c5 Nc6 13. 0-0 1/2-1/2

[Event "Odessa Region-ch"]
[Site "Odessa"]
[Date "2019.06.20"]
[Round "6"]
[White "Eingorn, Vereslav S"]
[Black "Bogdanovich, Stanislav"]
[Result "0-1"]
[WhiteElo "2509"]
[BlackElo "2597"]
[PlyCount "120"]
[EventDate "2019.06.15"]
[EventType "tourn"]
[EventRounds "11"]
[EventCountry "UKR"]
[EventCategory "7"]
[SourceTitle "CBM 191 Extra"]
[Source "ChessBase"]
[SourceDate "2019.09.30"]
[SourceVersion "1"]
[SourceVersionDate "2019.09.30"]
[SourceQuality "1"]

1. d4 Nf6 2. Nf3 g6 3. c4 d6 4. Nc3 Bf5 5. Nh4 Bd7 6. e4 Bg7 7. Be2 c5 8. d5 e6 9. 0-0 0-0 10. Nf3 exd5 11. exd5 Re8 12. h3 Na6 13. Bd3 Qb6 14. a3 Re7 15. Qc2 Rae8 16. Bd2 Nh5 17. Rae1 Rxe1 18. Rxe1 Rxe1+ 19. Nxe1 Qd8 20. Nf3 Nc7 21. b3 Qf6 22. Ne4 Qe7 23. Bg5 f6 24. Bd2 f5 25. Nc3 Bc8 26. Ne2 Nf6 27. Bc3 Nd7 28. Bxg7 Kxg7 29. Qc3+ Qf6 30. Ne1 Qxc3 31. Nxc3 b5 32. cxb5 Nf6 33. Bc4 Bb7 34. a4 Nfxd5 35. Nxd5 Bxd5 36. Bxd5 Nxd5 37. Kf1 Nc3 38. Nc2 Kf6 39. Na3 Ke6 40. Ke1 d5 41. Kd2 Ne4+ 42. Ke3 Ke5 43. f3 f4+ 44. Kd3 Nd6 45. Nc2 Nf5 46. Kc3 Kd6 47. b4 g5 48. bxc5+ Kxc5 49. Ne1 d4+ 50. Kb3 Ne3 51. Nd3+ Kd6 52. a5 Nxg2 53. Kc4 Nh4 54. Kxd4 Nxf3+ 55. Ke4 Nd2+ 56. Kf5 h6 57. Nf2 Nc4 58. Ne4+ Kd5 59. b6 axb6 60. axb6 Nd6+ 0-1

[Event "Odessa Galakhov Memorial"]
[Site "Odessa"]
[Date "2018.12.23"]
[Round "9"]
[White "Eingorn, Vereslav S"]
[Black "Gorbunov, Igor"]
[Result "1-0"]
[WhiteElo "2509"]
[BlackElo "2260"]
[PlyCount "45"]
[EventDate "2018.12.23"]
[EventType "tourn (blitz)"]
[EventRounds "11"]
[EventCountry "UKR"]
[EventCategory "7"]
[SourceTitle "CBM 188 Extra"]
[Source "ChessBase"]
[SourceDate "2019.02.26"]
[SourceVersion "1"]
[SourceVersionDate "2019.02.26"]
[SourceQuality "1"]

1. d4 c5 2. d5 f5 3. Nc3 Nf6 4. Bg5 d6 5. Bxf6 exf6 6. e3 g6 7. Nh3 Na6 8. Bb5+ Kf7 9. a4 Nc7 10. Bc4 Bh6 11. 0-0 Bd7 12. Qf3 Qe7 13. Nf4 Rab8 14. Nb5 Nxb5 15. axb5 a6 16. bxa6 bxa6 17. b3 Bxf4 18. exf4 Bb5 19. Rfe1 Qd7 20. Bxb5 axb5 21. Re6 Rhc8 22. Qc3 Qd8 23. Ra7+ 1-0

[Event "Odessa Galakhov Memorial"]
[Site "Odessa"]
[Date "2018.12.23"]
[Round "7"]
[White "Golubev, Mikhail"]
[Black "Eingorn, Vereslav S"]
[Result "1/2-1/2"]
[WhiteElo "2479"]
[BlackElo "2509"]
[PlyCount "57"]
[EventDate "2018.12.23"]
[EventType "tourn (blitz)"]
[EventRounds "11"]
[EventCountry "UKR"]
[EventCategory "7"]
[SourceTitle "CBM 188 Extra"]
[Source "ChessBase"]
[SourceDate "2019.02.26"]
[SourceVersion "1"]
[SourceVersionDate "2019.02.26"]
[SourceQuality "1"]

1. e4 c5 2. Nf3 e6 3. d4 cxd4 4. Nxd4 Nf6 5. Nc3 Nc6 6. a3 d5 7. Bb5 Bd7 8. exd5 Nxd4 9. Bxd7+ Qxd7 10. Qxd4 Rc8 11. Qxa7 Nxd5 12. Nxd5 Qxd5 13. 0-0 Bc5 14. Qa4+ Ke7 15. Qg4 h5 16. Qg5+ Qxg5 17. Bxg5+ f6 18. Bd2 Rhd8 19. Rfd1 Rd5 20. Kf1 Rcd8 21. Ke2 Bxf2 22. Bb4+ Bc5 23. Bxc5+ Rxc5 24. Rxd8 Kxd8 25. Rd1+ Kc7 26. c3 Rg5 27. Kf3 Rf5+ 28. Ke2 Rg5 29. Kf3 1/2-1/2

[Event "Odessa Region-ch op"]
[Site "Odessa"]
[Date "2018.06.28"]
[Round "9"]
[White "Sabuk, Piotr"]
[Black "Eingorn, Vereslav S"]
[Result "1/2-1/2"]
[WhiteElo "2369"]
[BlackElo "2518"]
[PlyCount "30"]
[EventDate "2018.06.20"]
[EventType "tourn"]
[EventRounds "11"]
[EventCountry "UKR"]
[EventCategory "7"]
[SourceTitle "CBM 185 Extra"]
[Source "ChessBase"]
[SourceDate "2018.07.29"]
[SourceVersion "1"]
[SourceVersionDate "2018.07.29"]
[SourceQuality "1"]

1. e4 e6 2. d4 d5 3. Nc3 Nf6 4. e5 Nfd7 5. f4 c5 6. Nf3 Nc6 7. Be3 a6 8. Qd2 Be7 9. 0-0-0 c4 10. f5 b5 11. fxe6 fxe6 12. Bg5 b4 13. Ne2 0-0 14. Bxe7 Qxe7 15. Qg5 Nb6 1/2-1/2

[Event "Odessa Region-ch op"]
[Site "Odessa"]
[Date "2018.06.26"]
[Round "7"]
[White "Vedmediuc, Serghei"]
[Black "Eingorn, Vereslav S"]
[Result "1/2-1/2"]
[WhiteElo "2464"]
[BlackElo "2518"]
[PlyCount "67"]
[EventDate "2018.06.20"]
[EventType "tourn"]
[EventRounds "11"]
[EventCountry "UKR"]
[EventCategory "7"]
[SourceTitle "CBM 185 Extra"]
[Source "ChessBase"]
[SourceDate "2018.07.29"]
[SourceVersion "1"]
[SourceVersionDate "2018.07.29"]
[SourceQuality "1"]

1. e4 e6 2. d4 d5 3. Nc3 Bb4 4. e5 c5 5. a3 Bxc3+ 6. bxc3 Qa5 7. Bd2 Qa4 8. Qb1 c4 9. h4 Nc6 10. h5 h6 11. g4 Bd7 12. Bh3 0-0-0 13. Ne2 f6 14. f4 Nge7 15. Be3 Rdf8 16. Kd2 fxe5 17. fxe5 Rf3 18. Bg2 Rf7 19. Qb2 Rhf8 20. Raf1 Rxf1 21. Rxf1 Rxf1 22. Bxf1 Nd8 23. Bh3 Nf7 24. Qc1 Nc6 25. Ng1 Qa5 26. Nf3 b5 27. Qb2 a6 28. Ke2 Qd8 29. Qc1 Qg8 30. Qg1 g5 31. hxg6 Qxg6 32. Kd2 Ncd8 33. Qf2 Qg7 34. Kc1 1/2-1/2

[Event "Bayern-chI Bank Hofmann 20th"]
[Site "Bad Wiessee"]
[Date "2016.11.05"]
[Round "8"]
[White "Eingorn, Vereslav S"]
[Black "Babar, Michael"]
[Result "1-0"]
[WhiteElo "2528"]
[BlackElo "2129"]
[PlyCount "71"]
[EventDate "2016.10.29"]
[EventType "swiss"]
[EventRounds "9"]
[EventCountry "GER"]
[SourceTitle "EXT 2018"]
[Source "ChessBase"]
[SourceDate "2017.10.13"]
[SourceVersion "1"]
[SourceVersionDate "2017.10.13"]
[SourceQuality "1"]

1. d4 Nf6 2. Nf3 g6 3. c4 Bg7 4. Nc3 0-0 5. e4 d6 6. Be3 Nbd7 7. Nd2 e5 8. d5 Nc5 9. Be2 Qd7 10. b4 Na6 11. a3 Ne8 12. c5 Nb8 13. Rc1 f5 14. f3 f4 15. Bf2 Qd8 16. 0-0 Nd7 17. Nc4 Rf7 18. cxd6 cxd6 19. Nb5 Nb6 20. Nxa7 Nxc4 21. Rxc4 Bd7 22. Rc3 g5 23. Nb5 Bf8 24. a4 Rg7 25. a5 h5 26. Bb6 Qf6 27. Nc7 Nxc7 28. Rxc7 Bc8 29. Qc1 Rxc7 30. Qxc7 g4 31. Rc1 Be7 32. b5 Qh4 33. a6 g3 34. Qxc8+ Rxc8 35. Rxc8+ Kf7 36. h3 1-0

[Event "Bayern-chI Bank Hofmann 20th"]
[Site "Bad Wiessee"]
[Date "2016.10.30"]
[Round "2"]
[White "Eingorn, Vereslav S"]
[Black "Linner, Christian"]
[Result "1-0"]
[WhiteElo "2528"]
[BlackElo "2088"]
[PlyCount "63"]
[EventDate "2016.10.29"]
[EventType "swiss"]
[EventRounds "9"]
[EventCountry "GER"]
[SourceTitle "CBM 175 Extra"]
[Source "ChessBase"]
[SourceDate "2016.12.12"]
[SourceVersion "1"]
[SourceVersionDate "2016.12.12"]
[SourceQuality "1"]

1. c4 c5 2. Nf3 Nc6 3. Nc3 g6 4. e3 Bg7 5. d4 Nf6 6. d5 Na5 7. e4 d6 8. h3 a6 9. Bd3 Bd7 10. a4 0-0 11. 0-0 Ne8 12. Bd2 Qb6 13. Ne2 Qc7 14. Qc2 e6 15. Rab1 Rc8 16. b3 b5 17. Nh2 exd5 18. exd5 Nb7 19. Rfe1 Qd8 20. Ng3 f5 21. Nf3 h6 22. cxb5 axb5 23. Bxb5 Bxb5 24. axb5 c4 25. bxc4 Nc5 26. Bc3 Nf6 27. Nd4 Nxd5 28. cxd5 Ne4 29. Nxe4 Bxd4 30. Qd2 Bxc3 31. Nxc3 Qf6 32. Ne2 1-0

[Event "Bayern-chI Bank Hofmann 19th"]
[Site "Bad Wiessee"]
[Date "2015.11.04"]
[Round "5"]
[White "Eingorn, Vereslav S"]
[Black "Wacker, Peter"]
[Result "1/2-1/2"]
[WhiteElo "2525"]
[BlackElo "2299"]
[PlyCount "98"]
[EventDate "2015.10.31"]
[EventType "swiss"]
[EventRounds "9"]
[EventCountry "GER"]
[SourceTitle "CBM 169 Extra"]
[Source "ChessBase"]
[SourceDate "2015.12.18"]
[SourceVersion "1"]
[SourceVersionDate "2015.12.18"]
[SourceQuality "1"]

1. d4 d5 2. c4 c6 3. e3 Nf6 4. Nf3 e6 5. b3 Nbd7 6. Bb2 b6 7. Bd3 Be7 8. 0-0 0-0 9. Nc3 Bb7 10. Qe2 Re8 11. Rad1 Rc8 12. e4 dxe4 13. Nxe4 Qc7 14. Bb1 Nf8 15. Ne5 Nxe4 16. Bxe4 f6 17. Nd3 a5 18. g3 c5 19. dxc5 Bxe4 20. Qxe4 Bxc5 21. Nf4 Qc6 22. Qxc6 Rxc6 23. Kg2 Kf7 24. Rfe1 Rcc8 25. Ne2 Red8 26. Bd4 Rd7 27. Bxc5 bxc5 28. Nc3 Rxd1 29. Rxd1 Ke7 30. f4 h5 31. Kf3 Nd7 32. Ke4 g6 33. Na4 Rc6 34. h3 Rc8 35. Rd2 Rg8 36. Kf3 g5 37. Nc3 g4+ 38. Kg2 f5 39. h4 Ra8 40. Na4 Ra7 41. Rd3 Rc7 42. Kf2 Rc6 43. Ke2 Nf6 44. Nc3 Nd7 45. Kd2 Rd6 46. Rxd6 Kxd6 47. Ke3 Nf6 48. Nb5+ Kd7 49. Nc3 Kd6 1/2-1/2

[Event "Bayern-chI Bank Hofmann 18th"]
[Site "Bad Wiessee"]
[Date "2014.10.29"]
[Round "6"]
[White "Eingorn, Vereslav S"]
[Black "Forchert, Martin"]
[Result "1/2-1/2"]
[WhiteElo "2544"]
[BlackElo "2376"]
[PlyCount "80"]
[EventDate "2014.10.25"]
[EventType "swiss"]
[EventRounds "9"]
[EventCountry "GER"]
[SourceTitle "EXT 2015"]
[Source "ChessBase"]
[SourceDate "2014.11.20"]
[SourceVersion "1"]
[SourceVersionDate "2014.11.20"]
[SourceQuality "1"]

1. c4 c6 2. Nf3 d5 3. e3 Nf6 4. Nc3 a6 5. h3 g6 6. d4 Bg7 7. Bd2 0-0 8. Rc1 b5 9. b3 Bb7 10. Bd3 dxc4 11. bxc4 c5 12. 0-0 cxd4 13. exd4 Nc6 14. cxb5 axb5 15. Bxb5 Nxd4 16. Nxd4 Qxd4 17. Be3 Qb4 18. Qb3 Qxb3 19. axb3 Rfc8 20. Bc4 e6 21. Rfd1 Rab8 22. Bf4 Ra8 23. Be5 Ne4 24. Bxg7 Kxg7 25. Na4 Rab8 26. f3 Nf6 27. Nc3 Nd5 28. Kf2 Nxc3 29. Rxc3 Bd5 30. Rd2 Rb4 31. Rdc2 Kf6 32. f4 h5 33. g3 g5 34. fxg5+ Kxg5 35. Bxd5 Rxc3 36. Rxc3 exd5 37. Rc5 Rxb3 38. Rxd5+ Kg6 39. h4 f6 40. Kg2 Ra3 1/2-1/2

[Event "Bayern-chI Bank Hofmann 17th"]
[Site "Bad Wiessee"]
[Date "2013.11.01"]
[Round "8"]
[White "Sumets, Andrey"]
[Black "Eingorn, Vereslav S"]
[Result "1/2-1/2"]
[WhiteElo "2598"]
[BlackElo "2548"]
[PlyCount "47"]
[EventDate "2013.10.26"]
[EventType "swiss"]
[EventRounds "9"]
[EventCountry "GER"]
[SourceTitle "EXT 2014"]
[Source "ChessBase"]
[SourceDate "2013.11.20"]
[SourceVersion "1"]
[SourceVersionDate "2013.11.20"]
[SourceQuality "1"]

1. d4 e6 2. Nf3 Nf6 3. g3 c5 4. Bg2 cxd4 5. Nxd4 d5 6. c4 e5 7. Nb3 d4 8. 0-0 Nc6 9. f4 e4 10. f5 g6 11. Bg5 Be7 12. Bxf6 Bxf6 13. Bxe4 Qe7 14. N1d2 Bg5 15. Qc2 a5 16. Nf3 Be3+ 17. Kh1 a4 18. Bxc6+ bxc6 19. Nbxd4 Bxd4 20. Nxd4 c5 21. Nb5 Bxf5 22. Rxf5 gxf5 23. Qxf5 0-0 24. Nc7 1/2-1/2

[Event "Bayern-chI Bank Hofmann 17th"]
[Site "Bad Wiessee"]
[Date "2013.10.31"]
[Round "7"]
[White "Eingorn, Vereslav S"]
[Black "Weber, Ulrich"]
[Result "1-0"]
[WhiteElo "2548"]
[BlackElo "2423"]
[PlyCount "82"]
[EventDate "2013.10.26"]
[EventType "swiss"]
[EventRounds "9"]
[EventCountry "GER"]
[SourceTitle "EXT 2014"]
[Source "ChessBase"]
[SourceDate "2013.11.20"]
[SourceVersion "1"]
[SourceVersionDate "2013.11.20"]
[SourceQuality "1"]

1. c4 Nf6 2. g3 g6 3. Bg2 Bg7 4. Nc3 0-0 5. d4 d6 6. h3 c5 7. d5 a6 8. a4 e6 9. Nf3 exd5 10. cxd5 Nbd7 11. 0-0 Rb8 12. Bf4 Qc7 13. a5 b5 14. axb6 Rxb6 15. Qc1 Re8 16. Ra2 Qb8 17. Re1 Rb4 18. Qc2 Bb7 19. Rd1 Nb6 20. Ne1 Nh5 21. Bc1 Rd4 22. e3 Rxd1 23. Qxd1 f5 24. Na4 Nd7 25. b3 Nhf6 26. Nd3 Ne4 27. Nf4 Ndf6 28. Bb2 g5 29. Ne6 Bxd5 30. Nxg7 Bxb3 31. Qa1 Kxg7 32. Bxe4 Bxa2 33. Bxf6+ Kg6 34. Bxg5 Re6 35. Bc2 Bd5 36. Bf4 Qb4 37. Nc3 Be4 38. Nxe4 fxe4 39. Qh8 Qe1+ 40. Kg2 Qe2 41. Qg8+ Kf6 1-0

[Event "Bayern-chI Bank Hofmann 17th"]
[Site "Bad Wiessee"]
[Date "2013.10.28"]
[Round "4"]
[White "Giemsa, Stephan"]
[Black "Eingorn, Vereslav S"]
[Result "0-1"]
[WhiteElo "2321"]
[BlackElo "2548"]
[PlyCount "103"]
[EventDate "2013.10.26"]
[EventType "swiss"]
[EventRounds "9"]
[EventCountry "GER"]
[SourceTitle "EXT 2014"]
[Source "ChessBase"]
[SourceDate "2013.11.20"]
[SourceVersion "1"]
[SourceVersionDate "2013.11.20"]
[SourceQuality "1"]

1. d4 Nf6 2. c4 e6 3. g3 Bb4+ 4. Bd2 Qe7 5. Nf3 Bxd2+ 6. Qxd2 Nc6 7. Nc3 d5 8. cxd5 exd5 9. Bg2 0-0 10. 0-0 Bg4 11. Qf4 Rfe8 12. Rfe1 Rad8 13. Nb5 Rd7 14. Rac1 Bxf3 15. Bxf3 Qb4 16. Nc3 Qxd4 17. Red1 Qxf4 18. gxf4 Ne7 19. e4 dxe4 20. Nxe4 Rxd1+ 21. Rxd1 Nxe4 22. Bxe4 Ng6 23. Bxb7 Nxf4 24. Bc6 Rb8 25. b4 Ne6 26. b5 Rd8 27. Rc1 Rd2 28. a4 g6 29. f3 Nf4 30. Re1 Rg2+ 31. Kf1 Ra2 32. Re7 Rxa4 33. Rxc7 Kf8 34. Rc8+ Ke7 35. Rc7+ Kf8 36. Rc8+ Kg7 37. Ra8 Ra5 38. Kf2 Kf6 39. Ke3 Ke5 40. Rf8 Ra3+ 41. Kd2 f5 42. h4 Kd4 43. Rd8+ Kc4 44. Rd7 Ra2+ 45. Ke1 h5 46. Kf1 Kc5 47. Rd8 Kc4 48. Be8 Kc5 49. Rc8+ Kd4 50. Bf7 Rb2 51. Rc7 Ke3 52. Re7+ 0-1

[Event "Cappelle op 29th"]
[Site "Cappelle la Grande"]
[Date "2013.02.26"]
[Round "5"]
[White "Atakisi, Umut"]
[Black "Eingorn, Vereslav S"]
[Result "0-1"]
[WhiteElo "2320"]
[BlackElo "2547"]
[PlyCount "58"]
[EventDate "2013.02.23"]
[EventType "swiss"]
[EventRounds "9"]
[EventCountry "FRA"]
[SourceTitle "CBM 153 Extra"]
[Source "ChessBase"]
[SourceDate "2013.04.22"]
[SourceVersion "1"]
[SourceVersionDate "2013.04.22"]
[SourceQuality "1"]

1. e4 e6 2. d4 d5 3. Nd2 c5 4. Ngf3 Nf6 5. e5 Nfd7 6. c3 Nc6 7. Bd3 Qb6 8. 0-0 cxd4 9. cxd4 a5 10. a4 Nxd4 11. Nxd4 Qxd4 12. Nf3 Qb6 13. Be3 Bc5 14. Qe2 Bxe3 15. fxe3 Qd8 16. Qf2 0-0 17. Qg3 h6 18. h4 b6 19. Rf2 Ba6 20. Bc2 Rc8 21. Rd1 Rc5 22. Rd4 Rc4 23. Rg4 Rxg4 24. Qxg4 Qc7 25. Qh5 Nc5 26. Rd2 Ne4 27. Bxe4 Qc1+ 28. Kh2 dxe4 29. Rd4 Qxe3 0-1

[Event "Bayern-chI Bank Hofmann 16th"]
[Site "Bad Wiessee"]
[Date "2012.11.02"]
[Round "7"]
[White "Eingorn, Vereslav S"]
[Black "Valenti, Giuseppe"]
[Result "1-0"]
[WhiteElo "2550"]
[BlackElo "2162"]
[PlyCount "93"]
[EventDate "2012.10.27"]
[EventType "swiss"]
[EventRounds "9"]
[EventCountry "GER"]
[SourceTitle "EXT 2013"]
[Source "ChessBase"]
[SourceDate "2012.11.22"]
[SourceVersion "1"]
[SourceVersionDate "2012.11.22"]
[SourceQuality "1"]

1. d4 d5 2. c4 c6 3. e3 e6 4. Nf3 Nf6 5. b3 Bb4+ 6. Nbd2 Nbd7 7. Bb2 Qe7 8. a3 Bd6 9. Ne5 0-0 10. Bd3 Re8 11. 0-0 c5 12. Qc2 Nf8 13. dxc5 Bxc5 14. Ndf3 h6 15. Rfd1 a5 16. Nd4 b6 17. cxd5 Nxd5 18. Bb5 Nd7 19. Nf5 exf5 20. Rxd5 Nf6 21. Bxe8 Qxe8 22. Rdd1 Be6 23. b4 axb4 24. axb4 Bxb4 25. Rxa8 Qxa8 26. Nc6 Bf8 27. Rd8 Qb7 28. Bxf6 gxf6 29. Nd4 Qe7 30. Nxe6 Qxe6 31. Qc8 Qe7 32. g3 Kg7 33. Re8 Qc5 34. Qxc5 Bxc5 35. Rd8 Kg6 36. Kf1 Be7 37. Rd5 Bf8 38. Ke2 h5 39. h3 Be7 40. Rd7 Bb4 41. Rb7 Ba5 42. Kf3 Kg7 43. Kf4 Kg6 44. h4 Be1 45. Rxb6 Ba5 46. Rb7 Bc3 47. Rb5 1-0

[Event "Metz op 30th"]
[Site "Metz"]
[Date "2012.04.23"]
[Round "4"]
[White "Bernadskiy, Vitaliy"]
[Black "Eingorn, Vereslav S"]
[Result "1-0"]
[WhiteElo "2464"]
[BlackElo "2569"]
[PlyCount "31"]
[EventDate "2012.04.14"]
[EventType "swiss"]
[EventRounds "9"]
[EventCountry "FRA"]
[SourceTitle "EXT 2013"]
[Source "ChessBase"]
[SourceDate "2012.11.22"]
[SourceVersion "1"]
[SourceVersionDate "2012.11.22"]
[SourceQuality "1"]

1. d4 Nf6 2. c4 c5 3. d5 e5 4. Nc3 d6 5. e4 Be7 6. Nge2 a6 7. f3 Nh5 8. Be3 Nd7 9. Qd2 h6 10. g4 Bh4+ 11. Kd1 Nhf6 12. Ng3 g6 13. Qc2 Nh7 14. Qd2 Bg5 15. Ke1 Qe7 16. a3 1-0

[Event "Metz op 30th"]
[Site "Metz"]
[Date "2012.04.17"]
[Round "5"]
[White "Eingorn, Vereslav S"]
[Black "Aguettaz, Maxime"]
[Result "1/2-1/2"]
[WhiteElo "2569"]
[BlackElo "2437"]
[PlyCount "29"]
[EventDate "2012.04.14"]
[EventType "swiss"]
[EventRounds "9"]
[EventCountry "FRA"]
[SourceTitle "EXT 2013"]
[Source "ChessBase"]
[SourceDate "2012.11.22"]
[SourceVersion "1"]
[SourceVersionDate "2012.11.22"]
[SourceQuality "1"]

1. d4 Nf6 2. c4 c5 3. d5 b5 4. Qc2 bxc4 5. e4 d6 6. Bxc4 g6 7. Nf3 Bg7 8. 0-0 0-0 9. Nc3 Ba6 10. Nb5 Qb6 11. a4 Nbd7 12. h3 Qb7 13. Nd2 Nb6 14. Be2 Rab8 15. Nc3 1/2-1/2

[Event "Metz op 30th"]
[Site "Metz"]
[Date "2012.04.17"]
[Round "6"]
[White "Eingorn, Vereslav S"]
[Black "Michiels, Bart"]
[Result "1/2-1/2"]
[WhiteElo "2569"]
[BlackElo "2502"]
[PlyCount "51"]
[EventDate "2012.04.14"]
[EventType "swiss"]
[EventRounds "9"]
[EventCountry "FRA"]
[SourceTitle "EXT 2013"]
[Source "ChessBase"]
[SourceDate "2012.11.22"]
[SourceVersion "1"]
[SourceVersionDate "2012.11.22"]
[SourceQuality "1"]

1. c4 c6 2. Nf3 d5 3. d4 Nf6 4. Nc3 e6 5. Bg5 Nbd7 6. cxd5 exd5 7. e3 Be7 8. Qc2 0-0 9. Bd3 Re8 10. 0-0 Nf8 11. h3 Be6 12. Rab1 Ne4 13. Bf4 Bd6 14. Bxd6 Nxd6 15. Ne5 Qf6 16. Ne2 Ng6 17. Ng3 Nxe5 18. dxe5 Qxe5 19. Bxh7+ Kh8 20. Bd3 Qf6 21. Rbd1 Re7 22. b3 Bd7 23. Be2 Rae8 24. Rd4 Kg8 25. Rfd1 Ne4 26. Nxe4 1/2-1/2